| 000 | 01856cam a22003254a 4500 | ||
|---|---|---|---|
| 999 |
_c219538 _d219538 |
||
| 001 | 17024611 | ||
| 003 | Nust | ||
| 005 | 20180117090022.0 | ||
| 008 | 111028s2013 maua b 001 0 eng | ||
| 010 | _a 2011043727 | ||
| 020 | _a9780205855865 (alk. paper) | ||
| 020 | _a0205855865 (alk. paper) | ||
| 035 | _a(OCoLC)ocn759084193 | ||
| 040 |
_aDLC _beng _cDLC _dYDX _dYDXCP _dDLC |
||
| 042 | _apcc | ||
| 050 | 0 | 0 |
_aJF1351 _b.H45 2013 |
| 082 | 0 | 0 |
_a351 _223 |
| 100 | 1 |
_aHenry, Nicholas, _d1943- |
|
| 245 | 1 | 0 |
_aPublic administration and public affairs / _cNicholas Henry. |
| 250 | _a12th ed. | ||
| 260 |
_aBoston : _bPearson, _cc2013. |
||
| 300 |
_axiv, 482 p. : _bill. ; _c24 cm. |
||
| 504 | _aIncludes bibliographical references and index. | ||
| 505 | 0 | _aBig democracy, big bureaucracy -- Public administration's century in a quandary paradigms of public administration -- The threads of organization: theories -- The fabric of organizations: forces -- The fibers of organizations: people -- Clarifying complexity: the public's information resource knowledge management -- Public productivity: corruption's consequence, the constant quest: efficient and effective governance -- The public trough: financing and budgeting governments -- Managing human resources capital in the public sector and nonprofit sectors -- Understanding and improving public policy -- Intersectoral administration -- Intergovernmental administration -- Toward a bureaucratic ethic. | |
| 650 | 0 | _aPublic administration. | |
| 906 |
_a7 _bcbc _corignew _d1 _eecip _f20 _gy-gencatlg |
||
| 942 |
_2ddc _cBK |
||